Wer ist das? - Statistiken

Allgemein
  • Dieses Quiz wurde 169 mal gespielt
    60 seit der letzten Aktualisierung
  • Das Durchschnittsergebnis liegt bei 7 aus 12
Antwortstatistiken
Frage Antwort % Korrekt
Filip Pavlović Dschungelkönig 2022
79%
Norbert Gastell deutsche Stimme von Homer Simpson
76%
Rita Falk Autorin der Eberhofer-Krimis
74%
Oliver Knöbel Dragqueen Olivia Jones
71%
Ransford-Yeboah Königsdörffer Fußballspieler beim Hamburger SV
62%
Renate Stecher Olympiasigerin im 100-Meter-Lauf 1972
53%
Heikedine Körting Regisseurin der Drei-Fragezeichen-Hörspiele
50%
Max Born deutscher Physiker, Nobelpreisträger 1954
47%
Hoimar von Ditfurth Moderator von Wissenschaftssendungen
47%
Renate Blauel Ex-Frau von Elton John
41%
Bernhard von Gudden Psychiater und Arzt von König Ludwig II.
41%
Rudi Buttas Gitarrist der Band Pur
32%
Keine übereinstimmenden Quizze gefunden
Verteilung der Resultate
Anzahl Personen mit jedem Resultat
Perzentil nach korrekt beantworteten Fragen
Ihre Resultats-Entwicklung
Sie haben dieses Quiz seit der letzten Aktualisierung nicht gespielt